| 000 | 00506nam a2200181Ia 4500 | ||
|---|---|---|---|
| 008 | 131103s9999 xx 000 0 und d | ||
| 040 | _aLoreto College | ||
| 041 | _aEnglish | ||
| 082 |
_a370.9/MON _bLCLIB/Ed Sem Lib |
||
| 100 | _aMonroe, Paul | ||
| 245 | 2 |
_aA Text - book in the history of education _cPaul Monroe |
|
| 260 |
_aNew York _bMacMillan _c1960 |
||
| 300 |
_axxii,772 p. _c 22 cm. |
||
| 504 | _aIncludes index | ||
| 650 | _aEducation - History | ||
| 850 | _aLCLIB/370.9/MON | ||
| 942 | _cBK | ||
| 999 |
_c24812 _d75291 |
||